[Event "Online Olym Div2 D 2021"]
[Site "chess.com INT"]
[Date "2021.09.03"]
[Round "5.2"]
[Board "2"]
[White "Borisek, Jure"]
[Black "Martinez Reyes, Pedro Ramon"]
[Result "1-0"]
[WhiteTitle "GM"]
[BlackTitle "FM"]
[WhiteElo "2591"]
[BlackElo "2404"]
[WhiteTeam "Slovenia"]
[BlackTeam "Venezuela"]
[WhiteFideId "14603152"]
[BlackFideId "3901807"]
[EventDate "2021.09.02"]
[EventType "team"]

1. e4 e6 2. d4 d5 3. e5 c5 4. c3 Ne7 5. Nf3 Nec6 6. Bd3 b6 7. O-O Ba6 8. Re1
Bxd3 9. Qxd3 Be7 10. a3 Nd7 11. Nbd2 a5 12. Nf1 c4 13. Qd2 h6 14. Qf4 Qc7 15.
Ng3 g6 16. h4 Rh7 17. h5 g5 18. Qd2 a4 19. Nh2 b5 20. Qc2 Rh8 21. f4 gxf4 22.
Bxf4 O-O-O 23. Rf1 Rdg8 24. Rf3 Bg5 25. Qd2 Nd8 26. Ng4 Qb6 27. Bxg5 Rxg5 28.
Nxh6 Rg7 29. Qf4 Rhh7 30. Raf1 Qa7 31. R1f2 Nf8 32. Ng4 Nd7 33. h6 Rg6 34. Nh5
b4 35. axb4 a3 36. bxa3 Qxa3 37. Rh3 Qa1+ 38. Kh2 Rxg4 39. Qxg4 Rxh6 40. Nf6
Nxf6 41. Rxf6 Rxf6 42. exf6 Qf1 43. Qg5 Kd7 44. Rf3 Qb1 45. Rh3 Qf1 46. Rh8 Nb7
47. Qe5 Nd6 48. Rd8+ Kxd8 49. Qxd6+ Kc8 50. Qf8+ Kd7 51. Qxf7+ Kd8 52. Qe7+ Kc8
53. Qxe6+ Kd8 54. Qxd5+ Ke8 55. Qe6+ Kd8 56. Qd6+ Kc8 57. d5 Qf2 58. Qc5+ 1-0

[Event "Online Olym Div2 D 2021"]
[Site "chess.com INT"]
[Date "2021.09.03"]
[Round "5.2"]
[Board "3"]
[White "Varela La Madrid, Tilsia Carolina"]
[Black "Janzelj, Lara"]
[Result "0-1"]
[WhiteTitle "WIM"]
[BlackTitle "WIM"]
[WhiteElo "2087"]
[BlackElo "2186"]
[WhiteTeam "Venezuela"]
[BlackTeam "Slovenia"]
[WhiteFideId "3903001"]
[BlackFideId "14608391"]
[EventDate "2021.09.02"]
[EventType "team"]

1. e4 e5 2. Nf3 Nc6 3. Bc4 Nf6 4. d3 h6 5. c3 d6 6. h3 g6 7. O-O Bg7 8. a4 O-O
9. Nbd2 Nh5 10. Re1 Nf4 11. Nf1 Ne6 12. d4 exd4 13. cxd4 Nexd4 14. Nxd4 Bxd4 15.
Bxh6 Bxf2+ 16. Kh1 Bxe1 17. Qxe1 Re8 18. Bd5 Ne5 19. Ne3 Be6 20. Qg3 c6 21. Bxe6
Rxe6 22. Rf1 f6 23. Nf5 Kf7 24. Nd4 Qd7 25. Bg5 Rae8 26. Nxe6 Rxe6 27. Qh4 Qe7
28. Qh7+ Ke8 29. Qh8+ Qf8 30. Qxf8+ Kxf8 31. Bxf6 Ke8 32. Bxe5 Rxe5 33. Rf6 g5
34. Rxd6 Rxe4 35. Rg6 Re5 36. Kg1 Kf7 37. Rd6 Ke7 38. Rg6 Kd7 39. Kf2 a5 40. g3
b6 41. h4 gxh4 42. gxh4 Re4 43. h5 Rxa4 44. h6 Rh4 45. Kg3 Rh1 46. Kf4 b5 47.
Ke5 Rh5+ 48. Kf6 a4 49. Kg7 b4 50. h7 a3 51. bxa3 bxa3 52. Rh6 a2 53. Rxh5 a1=Q+
54. Kg6 Qh8 55. Rf5 Ke6 56. Rf2 c5 57. Re2+ Kd5 58. Rf2 c4 59. Rf7 Ke6 60. Rg7
Qe8+ 61. Kh6 Kf6 62. Rg3 Qf8+ 63. Kh5 Qf7+ 64. Kg4 Qxh7 65. Rf3+ Ke5 0-1

[Event "Online Olym Div2 D 2021"]
[Site "chess.com INT"]
[Date "2021.09.03"]
[Round "5.2"]
[Board "4"]
[White "Vidic, Teja"]
[Black "Patino Garcia, Corals"]
[Result "1-0"]
[WhiteTitle "WIM"]
[BlackTitle "WFM"]
[WhiteElo "2172"]
[BlackElo "1916"]
[WhiteTeam "Slovenia"]
[BlackTeam "Venezuela"]
[WhiteFideId "14605511"]
[BlackFideId "3902781"]
[EventDate "2021.09.02"]
[EventType "team"]

1. e4 e5 2. Nf3 Nc6 3. d4 exd4 4. Nxd4 Nf6 5. Nxc6 bxc6 6. e5 Nd5 7. c4 Nb6 8.
Bd3 Ba6 9. b3 Qe7 10. O-O g6 11. f4 Bg7 12. Ba3 c5 13. Nd2 O-O 14. Ne4 d6 15.
Qg4 Bc8 16. Qg3 Bf5 17. Rae1 Qd7 18. Nf6+ Bxf6 19. exf6 Bxd3 20. Qxd3 Rfe8 21.
Qg3 Rxe1 22. Qxe1 Re8 23. Qh4 Qd8 24. f5 Nd7 25. fxg6 hxg6 26. Bc1 Nf8 27. Qh6
Ne6 28. h4 d5 29. h5 gxh5 30. Rf5 dxc4 31. Rg5+ 1-0

[Event "Online Olym Div2 D 2021"]
[Site "chess.com INT"]
[Date "2021.09.03"]
[Round "5.2"]
[Board "5"]
[White "Escalona Landi, Samid Eduardo"]
[Black "Tisaj, Domen"]
[Result "1-0"]
[WhiteTitle "CM"]
[BlackTitle "FM"]
[WhiteElo "2122"]
[BlackElo "2357"]
[WhiteTeam "Venezuela"]
[BlackTeam "Slovenia"]
[WhiteFideId "3937437"]
[BlackFideId "14628708"]
[EventDate "2021.09.02"]
[EventType "team"]

1. d4 Nf6 2. Bf4 d5 3. e3 e6 4. Nd2 Bd6 5. Ngf3 c5 6. c3 Qc7 7. Bxd6 Qxd6 8. Ne5
Nc6 9. f4 O-O 10. Bd3 Nd7 11. O-O f5 12. Rf3 Ndxe5 13. fxe5 Qe7 14. Rh3 h6 15.
Qh5 Bd7 16. Rf1 Be8 17. Qe2 Bg6 18. Rf4 Bh7 19. Rfh4 c4 20. Bc2 b5 21. g4 f4 22.
Bxh7+ Kxh7 23. Nf3 Kg8 24. g5 hxg5 25. Rg4 Rf5 26. Qg2 Raf8 27. Nxg5 Rxg5 28.
Rxg5 f3 29. Qg4 f2+ 30. Kf1 b4 31. Qh5 bxc3 32. Qh7+ 1-0

[Event "Online Olym Div2 D 2021"]
[Site "chess.com INT"]
[Date "2021.09.03"]
[Round "5.2"]
[Board "6"]
[White "Urh, Zala"]
[Black "Matute Escobar, Roxanny"]
[Result "1-0"]
[WhiteTitle "WIM"]
[BlackTitle "WFM"]
[WhiteElo "2234"]
[BlackElo "1899"]
[WhiteTeam "Slovenia"]
[BlackTeam "Venezuela"]
[WhiteFideId "14611481"]
[BlackFideId "3926028"]
[EventDate "2021.09.02"]
[EventType "team"]

1. d4 Nf6 2. c4 g6 3. g3 Bg7 4. Bg2 c6 5. e4 d6 6. Nc3 O-O 7. Nf3 c5 8. d5 e6 9.
O-O exd5 10. exd5 Na6 11. Re1 Nc7 12. Bf4 a6 13. a4 b6 14. Ng5 Bf5 15. Nge4 Nxe4
16. Bxe4 Bxe4 17. Nxe4 Ne8 18. Rb1 Qd7 19. Qd2 Qxa4 20. Nxd6 Nxd6 21. Bxd6 Rfd8
22. Bc7 Rd7 23. b3 Qa3 24. Bxb6 a5 25. d6 Bf8 26. Bc7 Qb4 27. Qd5 Rc8 28. Red1
Bg7 29. Qc6 Rdd8 30. d7 Rxc7 31. Qxc7 Bf6 32. Re1 Kf8 33. Qd6+ Kg7 34. Re8 Bg5
35. Qf8+ 1-0

[Event "Online Olym Div2 D 2021"]
[Site "chess.com INT"]
[Date "2021.09.03"]
[Round "5.3"]
[Board "1"]
[White "Ibarra Chami, Luis Fernando"]
[Black "Rodriguez Vila, Andres"]
[Result "0-1"]
[WhiteTitle "GM"]
[BlackTitle "GM"]
[WhiteElo "2451"]
[BlackElo "2484"]
[WhiteTeam "Mexico"]
[BlackTeam "Uruguay"]
[WhiteFideId "5105048"]
[BlackFideId "3000010"]
[EventDate "2021.09.02"]
[EventType "team"]

1. e4 e6 2. d4 d5 3. Nd2 c5 4. exd5 Qxd5 5. Ngf3 cxd4 6. Bc4 Qd7 7. Nb3 Nc6 8.
O-O a6 9. Nbxd4 Nxd4 10. Qxd4 Qxd4 11. Nxd4 Nf6 12. Be2 Bd7 13. Bf3 O-O-O 14.
Bf4 Nd5 15. Bxd5 exd5 16. Rfe1 Bc5 17. Nb3 Bb6 18. Be3 Bc7 19. Bd4 Rhg8 20. Nc5
Bf5 21. Re7 Bg6 22. Be5 Bxe5 23. Rxe5 Rge8 24. Ree1 Rxe1+ 25. Rxe1 d4 26. Nd3
Rd6 27. g4 Rc6 28. Re2 f6 29. Kg2 Kd7 30. Ne1 Re6 31. Kf3 h5 32. h3 Re5 33. Nd3
Rg5 34. Nf4 hxg4+ 35. hxg4 Bf7 36. Rd2 Bxa2 37. Rxd4+ Kc6 38. b3 Rc5 39. Nd3 Rc3
40. Ke3 Bb1 41. Kf4 g5+ 0-1

[Event "Online Olym Div2 D 2021"]
[Site "chess.com INT"]
[Date "2021.09.03"]
[Round "5.3"]
[Board "2"]
[White "Diaz Hollemaert, Nahuel"]
[Black "Garcia Guerrero, Isaac Antonio"]
[Result "0-1"]
[WhiteTitle "IM"]
[BlackTitle "FM"]
[WhiteElo "2441"]
[BlackElo "2368"]
[WhiteTeam "Uruguay"]
[BlackTeam "Mexico"]
[WhiteFideId "104019"]
[BlackFideId "5110475"]
[EventDate "2021.09.02"]
[EventType "team"]

1. Nf3 c5 2. b3 Nc6 3. Bb2 Nf6 4. c4 e6 5. e3 Be7 6. Be2 O-O 7. O-O b6 8. Nc3
Bb7 9. d4 cxd4 10. Nxd4 Qb8 11. Nc2 Rd8 12. e4 d5 13. exd5 exd5 14. Nxd5 Nxd5
15. cxd5 Bd6 16. dxc6 Bxh2+ 17. Kh1 Rxd1 18. cxb7 Rxf1+ 19. Rxf1 Qxb7 20. Bf3
Qa6 21. Rd1 Re8 22. Nb4 Qa5 23. Nc6 Qxa2 24. Bxg7 Kxg7 25. Kxh2 Qxf2 26. Rd4 Re6
27. Rg4+ Rg6 28. Rxg6+ hxg6 29. Nxa7 Qh4+ 30. Kg1 Qd4+ 31. Kh2 Qe5+ 32. Kh3 Qe6+
33. Kh2 Qd6+ 34. Kh1 Qa3 35. Nc6 Qxb3 36. Kh2 b5 37. Kg3 b4 38. Kf4 Qc3 0-1

[Event "Online Olym Div2 D 2021"]
[Site "chess.com INT"]
[Date "2021.09.03"]
[Round "5.3"]
[Board "3"]
[White "Corrales Jimenez, Zenia"]
[Black "de Leon, Patricia"]
[Result "0-1"]
[WhiteTitle "WIM"]
[BlackTitle "WFM"]
[WhiteElo "2198"]
[BlackElo "2004"]
[WhiteTeam "Mexico"]
[BlackTeam "Uruguay"]
[WhiteFideId "3506355"]
[BlackFideId "3000273"]
[EventDate "2021.09.02"]
[EventType "team"]

1. e4 e6 2. d4 d5 3. Nc3 dxe4 4. Nxe4 Nd7 5. Nf3 Ngf6 6. Bd3 c5 7. dxc5 Nxe4 8.
Bxe4 Nxc5 9. Qxd8+ Kxd8 10. Ng5 f6 11. Nf7+ Ke7 12. Nxh8 Nxe4 13. f3 Nc5 14. Be3
b6 15. h4 Bd7 16. O-O-O Be8 17. h5 e5 18. f4 Ke6 19. fxe5 fxe5 20. g4 Be7 21. h6
g6 22. Rhf1 Ne4 23. Rf3 Nd6 24. g5 Bc6 25. Rff1 Rxh8 26. b3 Nf5 27. Bd2 Rd8 28.
c4 Bc5 29. Rfe1 Ba3+ 30. Kc2 Bf3 31. Rb1 Nd4+ 32. Kc3 a5 33. Rf1 Bb4+ 34. Kd3
Nf5+ 35. Kc2 Rxd2+ 36. Kc1 Be4 37. Rb2 Rxb2 38. Kxb2 Bd2 39. Rg1 Bd3 40. Rd1
Bxg5 41. Rxd3 Bxh6 42. Rh3 e4 43. a3 e3 44. Kc2 Ke5 45. Kd3 Kf4 46. b4 axb4 47.
axb4 Kg4 48. Rh1 Kf3 49. Rf1+ Kg2 50. Re1 Kf2 51. Re2+ Kf3 52. c5 bxc5 53. bxc5
Ng3 54. Re1 Kf2 55. Rb1 e2 56. c6 Bf4 57. Rb2 Kf1 58. Rb4 e1=Q 59. Rxf4+ Kg2 60.
c7 Qc1 61. Rc4 Qf1+ 62. Kc3 Qf6+ 63. Kc2 Qf5+ 64. Kb3 Qb5+ 65. Kc3 Ne2+ 66. Kd3
Nf4+ 67. Kc3 Nd5+ 68. Kd4 Nxc7 69. Rxc7 Qb6+ 70. Rc5 Qxc5+ 71. Kxc5 h5 0-1

[Event "Online Olym Div2 D 2021"]
[Site "chess.com INT"]
[Date "2021.09.03"]
[Round "5.3"]
[Board "4"]
[White "Quevedo, Andreina"]
[Black "Rosas Rodriguez, Carmen Melissa"]
[Result "1/2-1/2"]
[WhiteTitle "WFM"]
[BlackTitle "WFM"]
[WhiteElo "1867"]
[BlackElo "1881"]
[WhiteTeam "Uruguay"]
[BlackTeam "Mexico"]
[WhiteFideId "3004147"]
[BlackFideId "5111005"]
[EventDate "2021.09.02"]
[EventType "team"]

1. e4 e5 2. Nf3 Nc6 3. Bc4 Bc5 4. c3 Nf6 5. d3 d6 6. Bb3 h6 7. h3 Qe7 8. Be3 Bb6
9. Nbd2 g5 10. a4 a5 11. Bxb6 cxb6 12. Nc4 Qc7 13. Qd2 Nh5 14. g3 Nd8 15. Qe3
Ra6 16. d4 Be6 17. Nfd2 Ng7 18. Qf3 f5 19. exf5 Nxf5 20. g4 Ng7 21. dxe5 dxe5
22. Qf6 Nc6 23. Qg6+ Kf8 24. O-O-O Qf7 25. Qxf7+ Bxf7 26. Rhe1 h5 27. Nxe5 Bxb3
28. Nxb3 Rh6 29. Rd7 Re6 30. Nf3 Rxe1+ 31. Nxe1 hxg4 32. hxg4 Ne5 33. Rxb7 Nxg4
34. Nf3 Ne6 35. Nbd4 Nxd4 36. cxd4 Nxf2 37. Nxg5 Nd3+ 38. Kc2 Nb4+ 39. Kd2 Nc6
40. d5 Nd8 41. Ne6+ Nxe6 42. dxe6 Ke8 43. Kd3 b5 44. Rxb5 Ke7 45. Re5 Rb6 46.
Kc3 Ra6 47. b4 axb4+ 48. Kxb4 Ra8 49. a5 Kd6 50. Re2 Rb8+ 51. Kc4 Ra8 52. Kb4
Rb8+ 53. Ka4 Re8 54. a6 Kc6 55. Ka5 Re7 56. Re3 Kc7 57. Kb5 Kb8 58. Kb6 Ka8 59.
a7 Rxe6+ 60. Rxe6 1/2-1/2

[Event "Online Olym Div2 D 2021"]
[Site "chess.com INT"]
[Date "2021.09.03"]
[Round "5.3"]
[Board "5"]
[White "Esquivel San Agustin, Dieg"]
[Black "Vazquez, Facundo"]
[Result "1-0"]
[BlackTitle "CM"]
[WhiteElo "1902"]
[BlackElo "2190"]
[WhiteTeam "Mexico"]
[BlackTeam "Uruguay"]
[WhiteFideId "5124514"]
[BlackFideId "3007669"]
[EventDate "2021.09.02"]
[EventType "team"]

1. e4 c5 2. Nf3 Nc6 3. Bb5 e6 4. O-O Nge7 5. Re1 a6 6. Bf1 d5 7. e5 Nf5 8. c3
Be7 9. a4 Bd7 10. Na3 O-O 11. d4 cxd4 12. Nxd4 Nfxd4 13. cxd4 f6 14. exf6 Bxf6
15. Nc2 Qb6 16. Be3 Rac8 17. Bd3 Na5 18. Qh5 g6 19. Bxg6 hxg6 20. Qxg6+ Bg7 21.
Bh6 Rf7 22. Ra3 Qd8 23. Rg3 Qe7 24. Re5 Kf8 25. Rh5 Ke8 26. Bxg7 Bxa4 27. Rh8+
Kd7 28. Rxc8 Kxc8 29. Rc3+ Nc6 30. Be5 Kd7 31. b3 Bb5 32. Nb4 Qf8 33. Nxc6 bxc6
34. Bg3 Rg7 35. Qh5 Qb4 36. Qe5 Re7 37. Qc7+ Ke8 38. Qc8+ Kf7 39. Rf3+ Kg7 40.
Be5+ Kg6 41. Qg8+ 1-0

[Event "Online Olym Div2 D 2021"]
[Site "chess.com INT"]
[Date "2021.09.03"]
[Round "5.3"]
[Board "6"]
[White "Roepke, Sofia"]
[Black "Flores Rodriguez, Astrid Aphril"]
[Result "1/2-1/2"]
[WhiteElo "1589"]
[BlackElo "1662"]
[WhiteTeam "Uruguay"]
[BlackTeam "Mexico"]
[WhiteFideId "3006360"]
[BlackFideId "5134803"]
[EventDate "2021.09.02"]
[EventType "team"]

1. e4 c5 2. Nf3 e6 3. c3 d5 4. exd5 exd5 5. d4 Nc6 6. Be2 Nf6 7. Bg5 cxd4 8.
Nxd4 Be7 9. O-O O-O 10. Be3 a6 11. Nd2 Qc7 12. h3 b5 13. Nxc6 Qxc6 14. Nf3 Bb7
15. Bg5 h6 16. Nd4 Qc7 17. Bxf6 Bxf6 18. Qd3 Rfe8 19. Bf3 Rad8 20. Rad1 Bc8 21.
Qc2 Be6 22. a3 Rc8 23. Qb3 Red8 24. Rd3 Qc4 25. Qd1 a5 26. Re1 Rd6 27. Qb1 b4
28. axb4 axb4 29. Red1 Rcd8 30. Be2 Qc5 31. Nb3 Qb6 32. Nd4 Bxd4 33. Rxd4 bxc3
34. bxc3 Qc7 35. Qd3 Rc6 36. c4 Rcd6 37. cxd5 Rxd5 38. Rxd5 Rxd5 39. Qb1 Rxd1+
40. Qxd1 Qd7 41. Qxd7 Bxd7 1/2-1/2

[Event "Online Olym Div2 D 2021"]
[Site "chess.com INT"]
[Date "2021.09.03"]
[Round "5.4"]
[Board "1"]
[White "Perez Ponsa, Federico"]
[Black "Fier, Alexandr"]
[Result "1-0"]
[WhiteTitle "GM"]
[BlackTitle "GM"]
[WhiteElo "2554"]
[BlackElo "2564"]
[WhiteTeam "Argentina"]
[BlackTeam "Brazil"]
[WhiteFideId "117927"]
[BlackFideId "2107139"]
[EventDate "2021.09.02"]
[EventType "team"]

1. d4 d5 2. c4 e6 3. Nc3 c6 4. e4 dxe4 5. Nxe4 Bb4+ 6. Bd2 Qxd4 7. Bxb4 Qxe4+ 8.
Be2 Na6 9. Bd6 Qxg2 10. Qd2 e5 11. Bxe5 Bf5 12. Bf3 Qg6 13. O-O-O Nf6 14. Ne2
Bb1 15. Bxf6 gxf6 16. Qd7+ Kf8 17. Qd6+ Ke8 18. Nd4 f5 19. Rhe1+ Be4 20. Qe5+ 1-0

[Event "Online Olym Div2 D 2021"]
[Site "chess.com INT"]
[Date "2021.09.03"]
[Round "5.4"]
[Board "2"]
[White "El Debs, Felipe de Cresce"]
[Black "Peralta, Fernando"]
[Result "0-1"]
[WhiteTitle "GM"]
[BlackTitle "GM"]
[WhiteElo "2553"]
[BlackElo "2570"]
[WhiteTeam "Brazil"]
[BlackTeam "Argentina"]
[WhiteFideId "2106981"]
[BlackFideId "105309"]
[EventDate "2021.09.02"]
[EventType "team"]

1. d4 Nf6 2. c4 e6 3. g3 d5 4. Nf3 Bb4+ 5. Bd2 Be7 6. Bg2 O-O 7. O-O c6 8. Qc2
Nbd7 9. Rd1 b6 10. b3 a5 11. Nc3 Ba6 12. Bf4 dxc4 13. Ne5 Nxe5 14. dxe5 Nd5 15.
e4 Nb4 16. Qe2 cxb3 17. Qg4 Qc7 18. axb3 Rfd8 19. Rd6 Rxd6 20. exd6 Bxd6 21.
Bxd6 Qxd6 22. Rd1 Qc7 23. Qh4 h6 24. f4 Nd3 25. e5 Qd7 26. Ne4 Qd4+ 27. Kh1 c5
28. Qe7 Bb5 29. h3 Bc6 30. Nf6+ gxf6 31. Bxc6 Nf2+ 32. Kg2 Nxd1 33. Bxa8 Qf2+
34. Kh1 Qe1+ 35. Kh2 Qe2+ 36. Kh1 Nf2+ 37. Kg1 Nxh3+ 38. Kh1 Nf2+ 39. Kg1 Ng4
40. Qd8+ Kh7 0-1

[Event "Online Olym Div2 D 2021"]
[Site "chess.com INT"]
[Date "2021.09.03"]
[Round "5.4"]
[Board "3"]
[White "Lujan, Carolina"]
[Black "Terao, Juliana Sayumi"]
[Result "0-1"]
[WhiteTitle "IM"]
[BlackTitle "FM"]
[WhiteElo "2340"]
[BlackElo "2252"]
[WhiteTeam "Argentina"]
[BlackTeam "Brazil"]
[WhiteFideId "109878"]
[BlackFideId "2109220"]
[EventDate "2021.09.02"]
[EventType "team"]

1. e4 c5 2. Nf3 e6 3. d4 cxd4 4. Nxd4 a6 5. Nc3 Qc7 6. g3 Bb4 7. Ne2 Nf6 8. Bg2
Be7 9. O-O Nc6 10. h3 b5 11. a3 Bb7 12. g4 d6 13. Ng3 Nd7 14. g5 Nb6 15. f4
O-O-O 16. Qg4 Kb8 17. Nh5 h6 18. g6 Bf6 19. e5 dxe5 20. Ne4 fxg6 21. Qxg6 exf4
22. Bxf4 Bd4+ 23. Kh1 e5 24. c3 exf4 25. cxd4 Rxd4 26. Qxg7 Qxg7 27. Nxg7 Ne5
28. Rxf4 Nd3 29. Rh4 Bxe4 30. Bxe4 Rxe4 31. Rh5 Rg8 32. Rg1 Nc4 33. Rxh6 Nf2+
34. Kh2 Re2 35. Rg2 Rxb2 36. Re6 Nd3 37. Rxb2 Ndxb2 38. Nf5 Kb7 39. Re7+ Kb6 40.
Re6+ Ka5 41. Nd4 Nxa3 42. Nc6+ Ka4 43. Re4+ Nbc4 44. h4 b4 45. Nd4 b3 46. Nxb3
Kxb3 47. Kh3 a5 48. h5 a4 49. h6 Rh8 50. Re6 Nc2 51. Kh4 a3 52. Kg5 a2 53. Ra6
N4a3 54. Rb6+ Nb4 55. Kg6 a1=Q 56. Re6 Qg1+ 57. Kf7 Rh7+ 58. Ke8 Qg8# 0-1

[Event "Online Olym Div2 D 2021"]
[Site "chess.com INT"]
[Date "2021.09.03"]
[Round "5.4"]
[Board "4"]
[White "Librelato, Kathie Goulart"]
[Black "Borda Rodas, Anapaola S."]
[Result "0-1"]
[WhiteTitle "WIM"]
[BlackTitle "WFM"]
[WhiteElo "2165"]
[BlackElo "2162"]
[WhiteTeam "Brazil"]
[BlackTeam "Argentina"]
[WhiteFideId "2153963"]
[BlackFideId "152781"]
[EventDate "2021.09.02"]
[EventType "team"]

1. e4 e5 2. Nf3 Nc6 3. Bb5 a6 4. Ba4 Nf6 5. O-O b5 6. Bb3 Bc5 7. a4 Rb8 8. axb5
axb5 9. Nxe5 Nxe5 10. d4 Bxd4 11. Qxd4 d6 12. f4 Nc6 13. Qc3 Ne7 14. Qd3 O-O 15.
Nc3 b4 16. Ne2 Bb7 17. Ng3 Ng6 18. Bd2 Re8 19. Rae1 Qc8 20. Bc4 Rd8 21. Qb3 d5
22. exd5 Bxd5 23. Bc1 Qd7 24. f5 Ne7 25. Bg5 Qd6 26. Rxe7 Qxe7 27. Bxd5 Qc5+ 28.
Kh1 Qxd5 29. Qe3 Qd4 30. Qe7 Nd5 31. Qe2 f6 32. Bc1 Re8 33. Qa6 Qb6 34. Qc4 c6
35. Ne4 Kh8 36. Nd6 Re7 37. h3 Rd8 38. Ne4 Ne3 39. Bxe3 Qxe3 40. Nc5 Qe2 41. Qf4
Rd2 42. Rg1 Re8 43. Ne6 Rd7 44. Qxb4 Qxc2 45. Ra1 Qxf5 46. Nd4 Qe4 47. Nxc6 Qxc6
48. Re1 Red8 49. Re7 Rxe7 50. Qxe7 Qe8 51. Qc7 h6 52. b4 Rd1+ 53. Kh2 Qe5+ 54.
Qxe5 fxe5 55. Kg3 Rb1 56. Kg4 Rxb4+ 57. Kf5 Rb5 0-1

[Event "Online Olym Div2 D 2021"]
[Site "chess.com INT"]
[Date "2021.09.03"]
[Round "5.4"]
[Board "5"]
[White "Kapitanchuk, Tomas"]
[Black "Labussiere, Victor"]
[Result "1-0"]
[WhiteTitle "FM"]
[BlackTitle "FM"]
[WhiteElo "2346"]
[BlackElo "2291"]
[WhiteTeam "Argentina"]
[BlackTeam "Brazil"]
[WhiteFideId "135046"]
[BlackFideId "2183129"]
[EventDate "2021.09.02"]
[EventType "team"]

1. e4 c5 2. Nf3 Nc6 3. Bb5 g6 4. Bxc6 bxc6 5. O-O Bg7 6. Re1 Nh6 7. c3 O-O 8. d4
cxd4 9. cxd4 d5 10. e5 Bg4 11. Nbd2 f6 12. exf6 exf6 13. h3 Bd7 14. b3 Re8 15.
Ba3 Nf7 16. Rxe8+ Qxe8 17. Qf1 Qd8 18. Bc5 Bf8 19. Rc1 Nd6 20. a4 a5 21. Re1 Qc7
22. Qd3 Bf5 23. Qe3 Qd7 24. Qf4 g5 25. Qg3 Be6 26. Nh2 Nf5 27. Qc3 Bg7 28. b4
axb4 29. Qxb4 Nh4 30. Qb3 Ng6 31. Ra1 Nf4 32. a5 Qc8 33. Qe3 Kf7 34. Nb3 Qa6 35.
Bd6 Qc4 36. Bxf4 gxf4 37. Qf3 Bf5 38. Qxf4 Be4 39. Qc7+ Kg6 40. Qg3+ Kf7 41. Rc1
Qb5 42. Qc7+ Kg6 43. Qxc6 Rxa5 44. Nxa5 Qxa5 45. Qe8+ Kg5 46. Nf3+ Bxf3 47. Qe3+
Kg6 48. Qxf3 Qd2 49. Qg3+ Qg5 50. Rc5 1-0

[Event "Online Olym Div2 D 2021"]
[Site "chess.com INT"]
[Date "2021.09.03"]
[Round "5.4"]
[Board "6"]
[White "De Freitas, Isabella Ribeiro Conti"]
[Black "Francisco Guecamburu, Candela Be"]
[Result "0-1"]
[BlackTitle "WFM"]
[WhiteElo "1909"]
[BlackElo "2034"]
[WhiteTeam "Brazil"]
[BlackTeam "Argentina"]
[WhiteFideId "2173328"]
[BlackFideId "160911"]
[EventDate "2021.09.02"]
[EventType "team"]

1. c4 e6 2. Nf3 d5 3. g3 Nf6 4. Bg2 Be7 5. O-O O-O 6. d3 b6 7. cxd5 exd5 8. d4
Bb7 9. Nc3 h6 10. Bf4 Nh5 11. Bd2 Na6 12. Rc1 c5 13. e3 Nf6 14. Ne5 Re8 15. Qb3
Nc7 16. Ne2 Bd6 17. f4 Ne6 18. a4 Rb8 19. a5 Ba8 20. Qc2 b5 21. dxc5 Nxc5 22.
Bb4 Nfe4 23. Bxe4 Nxe4 24. Bxd6 Nxd6 25. Qc7 f6 26. Nd7 Qxc7 27. Rxc7 Rb7 28.
Rxb7 Bxb7 29. Nc5 Rxe3 30. Kf2 Re7 31. a6 Bc8 32. Nd4 b4 33. Rc1 Rc7 34. Ndb3
Kf7 35. Re1 Nc4 36. Re2 Rc6 37. Nd3 Rxa6 38. Re1 Bf5 39. Nbc5 Ra2 40. Re2 a5 41.
Kg2 a4 42. Nxb4 Rxb2 43. Rxb2 Nxb2 44. h3 Be4+ 45. Kf2 a3 46. Ke3 f5 47. Kd4 Kf6
48. Nxd5+ Bxd5 49. Kxd5 Nd3 50. Nb3 Nf2 51. h4 Nh1 52. g4 fxg4 53. Ke4 Nf2+ 54.
Ke3 Nd1+ 55. Kd2 Nb2 56. Ke3 a2 57. Kd2 Kf5 58. Kc2 Nc4 59. Kd3 Na5 60. Na1 Kxf4
61. Ke2 Kg3 0-1

[Event "Online Olym Div2 D 2021"]
[Site "chess.com INT"]
[Date "2021.09.03"]
[Round "5.5"]
[Board "1"]
[White "Boulrens, Ala Eddine"]
[Black "Masiya, Mfundo"]
[Result "1-0"]
[WhiteElo "2016"]
[BlackElo "1944"]
[WhiteTeam "Algeria"]
[BlackTeam "South Africa"]
[WhiteFideId "7907559"]
[BlackFideId "14321114"]
[EventDate "2021.09.02"]
[EventType "team"]

1. e4 c5 2. c3 d5 3. exd5 Qxd5 4. d4 g6 5. Nf3 Bg7 6. Be2 Nh6 7. dxc5 Qxd1+ 8.
Bxd1 Nd7 9. Na3 Nxc5 10. Be2 O-O 11. O-O Nf5 12. Bf4 Na4 13. Rab1 Be6 14. Bc4
Bxc4 15. Nxc4 Rac8 16. Ne3 Rfd8 17. Nxf5 gxf5 18. Rfe1 e6 19. Be5 Rd3 20. Kf1
Rd5 21. c4 Rd7 22. b3 Nc5 23. Red1 Rcd8 24. Rxd7 Rxd7 25. Bxg7 Kxg7 26. Ke2 Kf6
27. Nd2 e5 28. f3 Nd3 29. g3 Nb4 30. a3 Nc2 31. a4 a5 32. Rb2 Nb4 33. Nb1 e4 34.
fxe4 fxe4 35. Ke3 Ke5 36. Rd2 Rxd2 37. Nxd2 f5 38. c5 Nd3 39. Nc4+ Kd5 40. Nxa5
Nxc5 41. b4 Nxa4 42. Nxb7 Nb2 43. Nc5 h5 44. Nd7 Nc4+ 45. Ke2 Ke6 46. Nc5+ Kd5
47. Nd7 Ke6 48. Nf8+ Kf6 49. b5 Nb6 50. Ke3 Nd5+ 51. Kd4 Nb6 52. Nh7+ Kg6 53.
Nf8+ Kf7 54. Nh7 Kg6 55. Nf8+ Kf6 56. h4 Kf7 57. Nh7 Kg6 58. Ng5 Kf6 59. Kc5
Nd7+ 60. Kd6 Ne5 61. b6 Nc4+ 62. Kc5 Na5 63. Kd4 Nb7 64. Kd5 Na5 65. Ne6 Nb7 66.
Nf4 e3 67. Kd4 e2 68. Nxe2 Kg6 69. Nf4+ Kf6 70. Nxh5+ Kg6 71. Nf4+ Kf6 72. Kd5
Na5 73. Kd6 Nb7+ 74. Kc7 Nc5 75. b7 Na6+ 76. Kc8 1-0

[Event "Online Olym Div2 D 2021"]
[Site "chess.com INT"]
[Date "2021.09.03"]
[Round "5.5"]
[Board "2"]
[White "Ngcongo, Minenhle"]
[Black "Achour, Mohamed Anis"]
[Result "0-1"]
[WhiteElo "1651"]
[BlackElo "2006"]
[WhiteTeam "South Africa"]
[BlackTeam "Algeria"]
[WhiteFideId "14332370"]
[BlackFideId "7904649"]
[EventDate "2021.09.02"]
[EventType "team"]

1. e4 e5 2. Nf3 Nc6 3. Bb5 Nf6 4. d3 Bc5 5. O-O Nd4 6. Bc4 Nxf3+ 7. Qxf3 O-O 8.
Nc3 Be7 9. h3 d6 10. Bg5 c6 11. Rad1 Be6 12. Be3 d5 13. exd5 cxd5 14. d4 e4 15.
Nxe4 dxe4 16. Qe2 Bxc4 17. Qxc4 Qd5 18. Qa4 Rfc8 19. Rc1 Qc4 20. Qa5 Nd5 21. b3
Qc6 22. c4 Nxe3 23. fxe3 g6 24. Rc2 f5 25. Qe1 b5 26. c5 Qd5 27. Qe2 Rab8 28. g4
fxg4 29. hxg4 Rf8 30. Rxf8+ Rxf8 31. Qxb5 Qg5 32. Qd7 Qxe3+ 33. Kh2 Bg5 34. Qe6+
Kg7 35. Rg2 Rf3 36. Qe5+ Kh6 37. Kh1 Rf1+ 38. Kh2 Bf4+ 0-1